Práca pionierov mesačník detských pionierskych funkcionárov

Bibliographic Details
Previous Title:Vedoucí pionýrů
Format: Journal
Language:Slovak
PhysicalDescription:4 zv. 21 cm
Published: Bratislava SÚV ČSM Smena 1950-1954
Subjects:

MARC

LEADER 00000cas a2200000 a 4500
001 vtls010301983
003 SK-MaSNL
005 20260228162806.0
008 110810d19501954xo zr|p 0 b0slo
038 |a SNKBUDS 
040 |a SNK  |b slo  |c SNK  |e AACR2 
041 0 |a slo 
044 |a xo  |c SK 
080 |a 379.83  |2 2011 
080 |a 316.346.32-053.6  |2 2011 
080 |a 061-053.6  |2 2011 
080 |a 050  |2 2001 
080 |a (051.053.6)  |2 2011 
245 0 0 |a Práca pionierov  |b mesačník detských pionierskych funkcionárov 
260 |a Bratislava  |b SÚV ČSM  |b Smena  |c 1950-1954 
300 |a 4 zv.  |c 21 cm 
310 |a 10x ročne 
362 0 |a Roč. I, č. 1 (1950)-roč. IV, č. 10 (1954) 
500 |a V tiráži: mesačník pre pionierskych funkcionárov, od 1/1952 mesačník detských pionierskych funkcionárov, od 2/1952 aj v hlavičke 
500 |a Tlač. Práca, n. p., záv. Žilina, od 4/1950 sa neuvádza, od 6/1952 Pravda, n. p., závod Žilina, od 1/1953 Pravda, vyd. ÚV KSS, Bratislava 
500 |a Povolené PIO č. 48598/ 50-III/3 
500 |a Od r. 1955 splynul s českým časopisom Vedoucí pionýrů, so slovenskou redakciou v Bratislave 
650 0 7 |a pionieri  |2 SNKPH  |9 272128 
650 0 7 |a mládež  |2 SNKPH  |9 1575 
650 0 7 |a pionierska organizácia  |2 SNKPH  |9 53180 
655 7 |a časopisy pre mládež  |2 SNKPH  |9 70792 
780 0 5 |t Vedoucí pionýrů 
852 |a SNK  |b 10000  |h snkČSC 480 
852 |a UKB  |b 300000  |h SF 7361 
852 |a UKB  |b 300000  |h 20 F 4690 
852 |a SVKKK  |b 900000  |h B 26 
910 |a snk 
999 |c 8352  |d 10282 
952 |0 0  |1 0  |4 0  |7 0  |a SNK  |b SNK  |d 2001-09-06  |l 0  |o snkČSC 480/2/1951-1952 D1  |p 17A0311844  |r 2005-01-02 00:00:00  |t č. 1-10  |w 2026-02-21  |y PREZ 
952 |0 0  |1 0  |4 0  |7 0  |a SNK  |b SNK  |d 2005-08-04  |i snk 347/52  |l 0  |o snkČSC 480/1/1950-1951  |p 17A0481409  |r 2026-02-21 21:21:49  |t č. 1-10  |w 2026-02-21  |y PREZ